<?xml version="1.0" encoding="UTF-8"?>
<collection xmlns="http://www.loc.gov/MARC21/slim">
  <record>
    <leader>00000nam  2200000   4500</leader>
    <controlfield tag="001">INLIS000000000017682</controlfield>
    <controlfield tag="005">20240816104157</controlfield>
    <datafield tag="035" ind1="#" ind2="#">
      <subfield code="a">0010-0824000303</subfield>
    </datafield>
    <controlfield tag="007">ta</controlfield>
    <controlfield tag="008">240816################|##########|#|##</controlfield>
    <datafield tag="100" ind1=" " ind2="#">
      <subfield code="a">Amson Padolo</subfield>
    </datafield>
    <datafield tag="245" ind1="1" ind2="#">
      <subfield code="a">SPONTAN TA BOSS :</subfield>
      <subfield code="b">Respon Cepat Penanggulangan Dan Mitigasi Bencana Provinsi SULSEL</subfield>
    </datafield>
    <datafield tag="250" ind1="#" ind2="#">
      <subfield code="a">1</subfield>
    </datafield>
    <datafield tag="260" ind1="#" ind2="#">
      <subfield code="a">Makassar :</subfield>
      <subfield code="b">Puslatbang KMP,</subfield>
      <subfield code="c">2024</subfield>
    </datafield>
    <datafield tag="300" ind1="#" ind2="#">
      <subfield code="a">35 halaman :</subfield>
      <subfield code="b">ilustrasi ;</subfield>
      <subfield code="c">30</subfield>
    </datafield>
    <datafield tag="500" ind1="#" ind2="#">
      <subfield code="a">Coach: Nirwaty Yapardy, S.Pd.,M.HRM.IR Mentor: Ir. Andi Darmawan Bintang, M.Dev.PLG</subfield>
    </datafield>
    <datafield tag="650" ind1="#" ind2="4">
      <subfield code="a">Proyek Perubahan Administrator Inovasi Pemerintahan Peningkatan Pelayanan Respon Cepat Penanggulangan Dan Mitigasi Bencana Provinsi SULSEL ( SPONTAN TA BOSS)</subfield>
    </datafield>
    <datafield tag="856" ind1="#" ind2="#">
      <subfield code="a">Perpustakaan Puslatbang KMP Makassar</subfield>
    </datafield>
  </record>
</collection>
